Samshodhana Javaabdaari: ಸಂಶೋಧನಾ ಜವಾಬ್ದಾರಿ (Record no. 221530)
[ view plain ]
| 000 -LEADER | |
|---|---|
| fixed length control field | 00887nam a22002177a 4500 |
| 005 - DATE AND TIME OF LATEST TRANSACTION | |
| control field | 20220218141750.0 |
| 008 - FIXED-LENGTH DATA ELEMENTS--GENERAL INFORMATION | |
| fixed length control field | 220216b ||||| |||| 00| 0 eng d |
| 020 ## - INTERNATIONAL STANDARD BOOK NUMBER | |
| International Standard Book Number | 9789381645055 |
| 040 ## - CATALOGING SOURCE | |
| Transcribing agency | Aloy |
| 041 ## - LANGUAGE CODE | |
| Language code of text/sound track or separate title | kan |
| 082 ## - DEWEY DECIMAL CLASSIFICATION NUMBER | |
| Edition number | 23 |
| Classification number | 001.42K |
| Item number | POOS |
| 100 ## - MAIN ENTRY--PERSONAL NAME | |
| Personal name | M Chandra Poojary:ಎಮ್ ಚಂದ್ರ ಪೂಜಾರಿ |
| 100 ## - MAIN ENTRY--PERSONAL NAME | |
| 9 (RLIN) | 20927 |
| 245 ## - TITLE STATEMENT | |
| Title | Samshodhana Javaabdaari: ಸಂಶೋಧನಾ ಜವಾಬ್ದಾರಿ |
| 260 ## - PUBLICATION, DISTRIBUTION, ETC. | |
| Place of publication, distribution, etc. | Hampi |
| Name of publisher, distributor, etc. | Kannada Vishvavidyalaya |
| Date of publication, distribution, etc. | 2018 |
| 300 ## - PHYSICAL DESCRIPTION | |
| Extent | 99 p. |
| Other physical details | PB |
| Dimensions | 21x13 cm. |
| 365 ## - TRADE PRICE | |
| Source of price type code | Journalism |
| Price type code | BLCR-000121 |
| Price amount | 80.00 |
| Currency code | ₹ |
| Unit of pricing | 100.00 |
| Price note | 20% |
| Price effective from | 15-02-2022 |
| 650 ## - SUBJECT ADDED ENTRY--TOPICAL TERM | |
| Topical term or geographic name entry element | Samshodhane: ಸಂಶೋಧನೆ |
| 9 (RLIN) | 20402 |
| 650 ## - SUBJECT ADDED ENTRY--TOPICAL TERM | |
| Topical term or geographic name entry element | Bhashe Mattu Adhyayana Vidhana: ಭಾಷೆ ಮತ್ತು ಅಧ್ಯಯನ ವಿಧಾನ |
| 9 (RLIN) | 20403 |
| 700 ## - ADDED ENTRY--PERSONAL NAME | |
| Personal name | Poojari (M Chandra): ಪೂಜಾರಿ (ಎಮ್ ಚಂದ್ರ) |
| 9 (RLIN) | 20404 |
| 942 ## - ADDED ENTRY ELEMENTS (KOHA) | |
| Source of classification or shelving scheme | Dewey Decimal Classification |
| Koha item type | Book |
| Withdrawn status | Lost status | Source of classification or shelving scheme | Damaged status | Not for loan | Collection code | Home library | Current library | Date acquired | Source of acquisition | Cost, normal purchase price | Total Checkouts | Full call number | Barcode | Date last seen | Date last checked out | Cost, replacement price | Price effective from | Koha item type |
|---|---|---|---|---|---|---|---|---|---|---|---|---|---|---|---|---|---|---|
| Dewey Decimal Classification | Journalism | St Aloysius Library | St Aloysius Library | 02/15/2022 | Navakarnataka Publications Pvt Ltd Mangalore-575001 | 80.00 | 1 | 001.42K POOS | 075464 | 11/11/2024 | 11/08/2024 | 100.00 | 02/16/2022 | Book |